000
00335 a2200133 4500
000
nam a22 7a 4500
100
_a
Patel, Rajnikant P.
110
_a
Patel, Rajnikant P.
245
_a
Sports Coaching
250
_a
Latest edition
260
_b
Khel Sahitya Kendra
_c
2025
264
_b
Khel Sahitya Kendra
_c
2025
942
_c
BK
999
_c
394176
_d
394176